II. celoštátny zraz turistov Podbanské 26.-29. august 1956

Zobrazenie: kresba chaty, za ňou Vysoké Tatry

Bibliographic Details
Corporate Author: Celoštátny zraz turistov Podbanské, Slovensko
Format: Conference Proceeding Postcard
Language:Slovak
PhysicalDescription:1 pohľadnica červenobiela 10 x 15 cm
Published: [Slovensko?] [vydavateľ neznámy] 1956
Subjects:

MARC

LEADER 00000nkm a2200000 a 4500
001 vtls011612656
003 SK-MaSNL
005 20260512122223.0
007 kp ao
008 231206s1956 xo g kuslo
015 |a SNBG 
040 |a SNK  |b slo  |c SNK  |e AACR2 
041 0 |a slo 
043 |a e-xo--- 
044 |a xo  |c SK 
080 |a (084.121)  |2 2011 
080 |a 913(437.6)  |2 2001 
080 |a 796.5  |2 2011 
111 2 |a Celoštátny zraz turistov  |n (2. :  |d 1956 :  |c Podbanské, Slovensko)  |9 345945 
245 1 0 |a II. celoštátny zraz turistov Podbanské 26.-29. august 1956  |h grafika 
246 3 |a Druhý celoštátny zraz turistov Podbanské 26.-29. august 1956 
260 |a [Slovensko?]  |b [vydavateľ neznámy]  |c 1956 
300 |a 1 pohľadnica  |b červenobiela  |c 10 x 15 cm 
520 8 |a Zobrazenie: kresba chaty, za ňou Vysoké Tatry 
650 0 7 |a turistické zrazy  |2 SNKPH  |9 91065 
651 7 |a Podbanské (Pribylina, Slovensko)  |2 SNKPH  |9 20094 
655 7 |a príležitostné pohľadnice  |2 SNKPH  |9 70549 
958 |a GC 
958 |a GBN 
999 |c 591239  |d 593169 
952 |a SNK  |b SNK  |y PREZ  |7 0  |p 17A1223242  |o snkSP 14810  |0 0  |1 0  |4 0  |d 2017-02-20  |f 1  |l 0  |r 2026-02-23 15:24:25  |w 2026-02-23